After the tsunami (Record no. 104227)
[ view plain ]
| 000 -LEADER | |
|---|---|
| fixed length control field | 01282cam a2200229 4500 |
| 001 - CONTROL NUMBER | |
| control field | L129549 |
| 008 - FIXED-LENGTH DATA ELEMENTS--GENERAL INFORMATION | |
| fixed length control field | 050428n2005 000 0 eng u |
| 020 ## - INTERNATIONAL STANDARD BOOK NUMBER | |
| International Standard Book Number | 9280725653 |
| 035 ## - SYSTEM CONTROL NUMBER | |
| System control number | (Sirsi) u129549 |
| 041 ## - LANGUAGE CODE | |
| Language code of text/sound track or separate title | eng |
| 050 ## - LIBRARY OF CONGRESS CALL NUMBER | |
| Classification number | 551.4634 |
| -- | 21 |
| 110 ## - MAIN ENTRY--CORPORATE NAME | |
| Corporate name or jurisdiction name as entry element | United Nations Environment Programme |
| 9 (RLIN) | 3690 |
| 245 ## - TITLE STATEMENT | |
| Title | After the tsunami |
| Remainder of title | rapid environmental assessment |
| 260 ## - PUBLICATION, DISTRIBUTION, ETC. | |
| Name of publisher, distributor, etc. | UNEP |
| Date of publication, distribution, etc. | 2005 |
| 300 ## - PHYSICAL DESCRIPTION | |
| Extent | 141p. |
| 520 ## - SUMMARY, ETC. | |
| Summary, etc. | The report, published on 22 February 2005, was produced by the UNEP Asian Tsunami Task Force in close partnership with the national environmental authorities in the affected countries. It summarises the interim findings from the ongoing environmental assessment in Indonesia, the Maldives, the Seychelles, Somalia, Sri Lanka, Thailand and Yemen, which are the countries that specifically requested co-operation and assistance from UNEP. Lists urgent measures and measures to ensure long-term sustainability. |
| 590 ## - LOCAL NOTE (RLIN) | |
| Local note | IKA190505 |
| 651 #4 - SUBJECT ADDED ENTRY--GEOGRAPHIC NAME | |
| Geographic name | Asia |
| 690 ## - LOCAL SUBJECT ADDED ENTRY--TOPICAL TERM (OCLC, RLIN) | |
| Topical term or geographic name as entry element | ENVIRONMENTAL AND LAND CONSULTANCY-ENVIRONMENTAL MANAGEMENT-ENVIRONMENTAL ASSESSMENT |
| 856 ## - ELECTRONIC LOCATION AND ACCESS | |
| Uniform Resource Identifier | <a href="https://www.unep.org/conflictsanddisasters/Portals/6/documents/Publication_PDFS/Tsunami/Tsunami_REA_UNEP_dmb.pdf">https://www.unep.org/conflictsanddisasters/Portals/6/documents/Publication_PDFS/Tsunami/Tsunami_REA_UNEP_dmb.pdf</a> |
| Public note | View the report free of charge at www.unep.org... |
| 942 ## - ADDED ENTRY ELEMENTS (KOHA) | |
| Suppress in OPAC | 0 |
| Withdrawn status | Lost status | Source of classification or shelving scheme | Damaged status | Not for loan | Home library | Current library | Shelving location | Date acquired | Total Checkouts | Full call number | Barcode | Date last seen | Copy number | Price effective from | Koha item type |
|---|---|---|---|---|---|---|---|---|---|---|---|---|---|---|---|
| Dewey Decimal Classification | Virtual | Virtual | Online | 28/04/2005 | ONLINE PUBLICATION | 129549-1001 | 06/08/2019 | 1 | 06/08/2019 | Book |